The View Between Villages - Noah Kahan (All Lyrics) - Statistics

General Stats
  • This quiz has been taken 69 times
  • The average score is 136 of 149
Answer Stats
Lyrics % Correct
a
100%
A
100%
And
100%
and
100%
I
100%
I'm
100%
last
100%
lost
100%
me
100%
me,
100%
my
100%
people
100%
so
100%
that
100%
the
100%
The
100%
between
97%
dog,
97%
Feel
97%
feel
97%
For
97%
for
97%
from
97%
in
97%
it
97%
It's
97%
knew
97%
of
97%
things
97%
again
94%
all
94%
but
94%
got
94%
here,
94%
minute
94%
or
94%
still
94%
They
94%
villages
94%
everything's
91%
far
91%
home,
91%
I've
91%
just
91%
road
91%
road,
91%
rush
91%
skin
91%
surrounded
91%
their
91%
two
91%
am
88%
angry
88%
back
88%
blood
88%
death
88%
is
88%
mile
88%
not
88%
over
88%
reverse,
88%
road
88%
simple
88%
stretch
88%
wheel
88%
world
88%
cars
85%
down
85%
grippin'
85%
on
85%
seventeen
85%
there
85%
valley
85%
washin'
85%
bridge
82%
dreams
82%
homes
82%
middle
82%
scared
82%
begins
79%
bugs
79%
curve
79%
happy
79%
Leave
79%
splitting
79%
Air
76%
Brook
76%
Earth,
76%
lungs
76%
'Til
76%
Alger
74%
As
74%
Passed
74%
(Oh,
71%
oh
71%
oh,
71%
oh)
71%
meaning
68%
seemed
68%
No matching quizzes found
Score Distribution
Percent of People with Each Score
Percentile by Number Answered
Your Score History
You have not taken this quiz